| 000 | 00502 a2200193 4500 | ||
|---|---|---|---|
| 005 | 20260407144912.0 | ||
| 008 | 260407b |||||||| |||| 00| 0 eng d | ||
| 020 |
_a9788197628580 _cRs. 375.00 |
||
| 040 | _aMAIN | ||
| 082 |
_a621 _bD538E |
||
| 100 | _aDhobale, Sandip | ||
| 245 | _aEngineering physics | ||
| 260 |
_bKabdwal Book International _c2024 _aMumbai |
||
| 300 | _ax, 270 | ||
| 650 | _aEngineering | ||
| 650 | _aPhysics For Engineering | ||
| 700 | _aKkommineni, Namrataa | ||
| 942 | _cBK | ||
| 999 |
_c397100 _d397100 |
||